000 00304nam a22001457a 4500
008 210604b ||||| |||| 00| 0 eng d
020 _a1564963772
041 _aeng
080 _a37
082 _a37
100 _a46
101 _aEDU
245 _aComputer Animation
_cRita Street
942 _2udc
_cBK
999 _c57953
_d57953